Normal view
MARC view
- Televisión en la educación
Entry Materia
001 - NÚMERO DE CONTROL DEL REGISTRO
- campo de control: 5711
003 - IDENTIFICADOR DE NUMERO DE CONTROL
- campo de control: MX-MxUPN
005 - FECHA Y HORA DE LA ÚLTIMA TRANSACCIÓN
- campo de control: 20240924113917.0
008 - DATOS DE LONGITUD FIJA
- campo de control de longitud fija: 240924n| fcnnnbabn | ana |d
035 ## - NÚMERO DE CONTROL DEL SISTEMA
- Número de control del sistema: UPN10000005711
040 ## - FUENTE DE LA CATALOGACIÓN
- Centro catalogador de origen: MX-MxUPN
- Lengua de catalogación: spa
- Agencia de transcripción: MX-MxUPN
150 ## - ENCABEZAMIENTO - TEMÁTICO
- Término de materia o nombre geográfico como elemento inicial: Televisión en la educación
- Subdivisión geográfica: México
670 ## - FUENTE EN LA QUE SE LOCALIZARON DATOS
- Cita de la fuente: E
- Información localizada: Televisión en la educación - Zacatenco, D.F.
902 ## - CATALOGADOR
- Catalogador: PN/071196
